| 000 | 00601nam a2200193Ia 4500 | ||
|---|---|---|---|
| 003 | GCL | ||
| 008 | 140319s9999 xx 000 0 ara d | ||
| 040 |
_aGCL / _cGCL |
||
| 082 | 0 | 4 |
_a001.6404 _bو ك |
| 100 | 1 | _aرون وايت | |
| 245 | 1 | 0 |
_aكيف تعمل الحواسيب / _cرون وايت |
| 700 | 1 | _aالدار العربية للعلوم | |
| 260 |
_a[S.N] : _bالدار العربية للعلوم ، _c1993 |
||
| 300 | _a191 | ||
| 490 | _a | ||
| 650 | 0 | 4 | _aالحاسبات الالكترونية |
| 650 | 0 | 4 | _aالحاسبات الالكترونية - تصميم |
| 942 |
_2ddc _cBK |
||
| 999 |
_c53564 _d53564 |
||